| 000 | 00338nam a22001337a 4500 | ||
|---|---|---|---|
| 999 |
_c55071 _d55071 |
||
| 008 | 200205b ||||| |||| 00| 0 eng d | ||
| 041 | _aeng | ||
| 080 |
_2043.3 _a043.3 |
||
| 082 | _a043.3 | ||
| 100 | _a0 | ||
| 101 | _aBTH | ||
| 245 |
_aStudimi i Aflatoxinës M1 në Qumësht dhe në Produktet e Qumështit _cBruçi,E |
||
| 942 |
_2udc _cBK |
||